Energías e impacto ambiental

Сохранить в:
Библиографические подробности
Главные авторы: Azcárate Luxán, Blanca (Автор), Mingorance Jiménez, Alfredo (Автор)
Формат:
Язык:испанский
Опубликовано: Madrid Equipo Sirius 2003
Редактирование:1a. ed
Серии:Colección Milenium
Предметы:
Метки: Добавить метку
Нет меток, Требуется 1-ая метка записи!

MARC

LEADER 00000nam a2200000 a 4500
001 UCG2908
003 CL-VaPUC
008 100729e20030100SP |||||||||||||||||spa|d
020 |a 849549535X 
082 0 4 |a 530  |b AZC  |2 21 
100 0 |a Azcárate Luxán, Blanca  |e author  |9 551571 
700 0 |a Mingorance Jiménez, Alfredo  |e author  |9 551572 
245 1 0 |a Energías e impacto ambiental 
250 |a 1a. ed 
300 |a 253 p 
942 |c BK 
945 |d 20100729 00:00:00  |a mfarfan 
260 |a Madrid  |b Equipo Sirius  |c 2003 
650 0 |a Electricidad  |9 260222 
650 0 |a Fuentes de energía  |9 263042 
650 0 |a Energía renovable  |9 525460 
650 7 |a ENERGIA NO RENOVABLE  |2 CL-VaPUC  |9 551573 
650 0 |a Impacto ambiental  |9 262796 
650 0 |a Energía eléctrica  |9 256678 
583 |a last modification  |c 20100729 00:00:00  |k Rodrigo Vera 
490 0 |a Colección Milenium 
999 |c 342010  |d 342008 
952 |0 0  |1 0  |4 0  |6 530_000000000000000_AZC_2003  |7 0  |8 A  |9 437949  |a BIBING  |b BIBING  |d 2019-11-22  |i 4697022  |o 530 AZC 2003  |p 4697022  |r 2025-01-20  |w 2019-11-22  |y BK  |k CCL